000 00754cab a2200241 4500
001 WB3416-34
008 090401t1998 xxu||||| |||| 00| 0 eng d
035 _a(Sirsi) u85927
041 _aeng
245 _a`Film village` seeks judicial review
260 _c1998
350 _a0
490 _aIndependent
_v29 April 1998, 9(1)
520 _aLocal residents of a planned 20-screen film village in Crystal Palace, are seeking a judicial review of the Deputy Prime Minister`s refusal to grant a public inquiry.
650 _aCRYSTAL PALACE
650 _aJUDICIAL REVIEW
650 _aLEISURE DEVELOPMENTS
650 _aMULTIPLEX CINEMAS
650 _aPUBLIC INQUIRY
690 _aLEISURE AND RECREATION
942 _n0
948 _c30/04/1998
999 _c54057
_d54057